[Event "Madrid ch  2012-13 - Semifinal B"]
[Site "Madrid"]
[Date "2013.04.06"]
[Round "9.7"]
[White "Tirado Parra, Alberto"]
[Black "Marcos Herrero, Francisco"]
[Result "0-1"]
[WhiteElo "1896"]
[BlackElo "1912"]
[PlyCount "80"]
[EventDate "2013.03.07"]
[EventType "swiss"]
[EventRounds "9"]
[EventCountry "ESP"]
[Source "lmi"]
[SourceDate "2013.03.07"]

1. Nf3 c5 2. c4 Nc6 3. d4 cxd4 4. Nxd4 g6 5. e4 Bg7 6. Be3 Nf6 7. Nc3 d6 8. Be2
O-O 9. f3 Bd7 10. O-O Nxd4 11. Qxd4 Ng4 12. Qd2 Nxe3 13. Qxe3 Qa5 14. Nd5 Rfe8
15. b4 Qd8 16. Rab1 b6 17. Qd3 Bc6 18. Rfc1 Rc8 19. Kh1 Qd7 20. f4 e6 21. Ne3
Bh6 22. Ng4 Bg7 23. Rd1 f5 24. exf5 exf5 25. Nf2 Qb7 26. Bf1 Rcd8 27. c5 dxc5
28. Qb3+ c4 29. Bxc4+ Kh8 30. Bf1 Bd5 31. Qa4 Bc6 32. b5 Bd5 33. Nd3 Be4 34.
Rbc1 Rd4 35. Qb3 Qe7 36. Ne5 Bxe5 37. fxe5 Qxe5 38. Rxd4 Qxd4 39. Qf7 Rd8 40.
h3 Qg7 0-1

[Event "Madrid ch  2012-13 - Semifinal B"]
[Site "Madrid"]
[Date "2013.04.06"]
[Round "9.8"]
[White "Cabañas Bravo, Juan Andres"]
[Black "Ruiz Quevedo, Andres"]
[Result "0-1"]
[WhiteElo "2103"]
[BlackElo "1925"]
[PlyCount "134"]
[EventDate "2013.03.07"]
[EventType "swiss"]
[EventRounds "9"]
[EventCountry "ESP"]
[Source "lmi"]
[SourceDate "2013.03.07"]

1. e4 c5 2. Nf3 e6 3. d4 cxd4 4. Nxd4 Qb6 5. Nb3 d6 6. Nc3 a6 7. Be3 Qc7 8. Qd2
Nf6 9. f3 Nbd7 10. g4 Ne5 11. Qf2 b5 12. Bb6 Qb8 13. Bd4 Nc6 14. Be3 Be7 15.
O-O-O Nd7 16. f4 Bb7 17. g5 Qc7 18. h4 b4 19. Na4 Na5 20. Nb6 Nxb3+ 21. axb3
Nxb6 22. Bxb6 Qc6 23. Bd3 O-O 24. Rhe1 a5 25. Bd4 a4 26. bxa4 Qxa4 27. b3 Qa5
28. Bb2 Rfc8 29. Bc4 Ba6 30. Qd4 e5 31. fxe5 dxe5 32. Qd5 Bxc4 33. bxc4 Qc7 34.
Rf1 Qxc4 35. Rf2 Qxd5 36. Rxd5 f6 37. Rd7 Bc5 38. Rg2 b3 39. cxb3 Bf2+ 40. Kb1
Bxh4 41. Bc1 Rab8 42. Kb2 Rb4 43. Rg4 Rxc1 44. Kxc1 Bxg5+ 45. Kc2 h5 46. Rg2
Rxe4 47. Kc3 h4 48. b4 h3 49. Rh2 Re3+ 50. Rd3 Kf7 51. b5 Rxd3+ 52. Kxd3 Ke6
53. Kc4 e4 54. Kc5 Be3+ 55. Kc6 g5 56. Rxh3 Bd4 57. b6 Bxb6 58. Kxb6 Ke5 59.
Kc5 f5 60. Rh8 g4 61. Rg8 Kf4 62. Kd4 g3 63. Kc3 Kf3 64. Rg5 f4 65. Kd2 Kf2 66.
Rg4 e3+ 67. Kd3 f3 0-1

[Event "Madrid ch  2012-13 - Semifinal B"]
[Site "Madrid"]
[Date "2013.04.06"]
[Round "9.10"]
[White "Sotoca Aguado, Jose"]
[Black "Dominguez Alfara, Miguel"]
[Result "1-0"]
[WhiteElo "1976"]
[BlackElo "1842"]
[PlyCount "85"]
[EventDate "2013.03.07"]
[EventType "swiss"]
[EventRounds "9"]
[EventCountry "ESP"]
[Source "lmi"]
[SourceDate "2013.03.07"]

1. d4 d5 2. Nf3 Nf6 3. Bg5 e6 4. e3 Be7 5. Bd3 Nbd7 6. O-O h6 7. Bf4 Nh5 8.
Nbd2 Nxf4 9. exf4 c5 10. c3 O-O 11. Ne5 Qb6 12. g4 cxd4 13. Ndf3 dxc3 14. bxc3
Bf6 15. h4 Qc7 16. Qe2 Qxc3 17. Rac1 Qb4 18. Rxc8 Rfxc8 19. Nxd7 Qxf4 20. Nxf6+
gxf6 21. Nh2 Rc3 22. Kg2 e5 23. Bf5 Re8 24. Rd1 Rd8 25. Nf1 Rd6 26. Ng3 Ra3 27.
Nh5 Qa4 28. Qd2 Kf8 29. Qxh6+ Ke7 30. Qc1 Qa5 31. Ng3 Rxa2 32. Bb1 Rc6 33. Nf5+
Kd7 34. Qe3 Ra3 35. Qe2 Ra4 36. Ne3 Rc5 37. h5 d4 38. h6 Ke7 39. Nf5+ Kd7 40.
h7 Rc8 41. Qf3 Qb6 42. Qd5+ Kc7 43. Rc1+ 1-0

[Event "Madrid ch  2012-13 - Semifinal B"]
[Site "Madrid"]
[Date "2013.04.06"]
[Round "9.12"]
[White "Plazuelo Pascual, Juan"]
[Black "Camarero Izquierdo, Juan Carlos"]
[Result "1-0"]
[WhiteElo "1872"]
[BlackElo "1934"]
[PlyCount "37"]
[EventDate "2013.03.07"]
[EventType "swiss"]
[EventRounds "9"]
[EventCountry "ESP"]
[Source "lmi"]
[SourceDate "2013.03.07"]

1. e4 c5 2. Nf3 d6 3. d4 cxd4 4. Nxd4 Nf6 5. Nc3 a6 6. Be3 b5 7. a4 b4 8. Nd5
Nxe4 9. Nb5 axb5 10. Bxb5+ Bd7 11. Bb6 Qc8 12. Nc7+ Kd8 13. Nxa8+ Ke8 14. Nc7+
Kd8 15. Qd5 Nf6 16. Qxf7 Bxb5 17. Ne6+ Kd7 18. axb5 g6 19. Ra7+ 1-0

[Event "Madrid ch  2012-13 - Semifinal B"]
[Site "Madrid"]
[Date "2013.04.06"]
[Round "9.13"]
[White "Arroyo Fernandez, Francisco J"]
[Black "Alonso Herrero, Ignacio"]
[Result "1/2-1/2"]
[WhiteElo "1832"]
[BlackElo "1799"]
[PlyCount "44"]
[EventDate "2013.03.07"]
[EventType "swiss"]
[EventRounds "9"]
[EventCountry "ESP"]
[Source "lmi"]
[SourceDate "2013.03.07"]

1. d4 Nf6 2. c4 e6 3. Nc3 d5 4. Nf3 c5 5. cxd5 exd5 6. g3 cxd4 7. Nxd4 Nc6 8.
Bg2 Bc5 9. Nb3 Bb4 10. O-O Be6 11. Bg5 O-O 12. Nxd5 Bxd5 13. Bxf6 Qxf6 14. Qxd5
Qxb2 15. Qb5 Rab8 16. Rfb1 Qf6 17. Rd1 Qe6 18. e3 Be7 19. Rd2 a6 20. Qb6 Bd8
21. Qc5 Be7 22. Qb6 Bd8 1/2-1/2